000 00330 a2200145 4500
001 47954
040 _cAnchieta - Aquarius
100 _aMachado, José Leon
240 1 0 _aA bruxa e o caldeirão
_lpor
245 1 0 _aA bruxa e o caldeirão
300 _a10
362 0 _a2003
650 4 _aLiteratura infanto-juvenil
942 _cBK
999 _c47954
_d47954